Las peregrinaciones de Childe-Harold : (Record no. 43114)
[ view plain ]
| 000 -CABECERA | |
|---|---|
| campo de control de longitud fija | 00636nam a2200181 a 4500 |
| 001 - NÚMERO DE CONTROL | |
| campo de control | 000043625 |
| 005 - FECHA Y HORA DE LA ÚLTIMA TRANSACCIÓN | |
| campo de control | 20201002044902.0 |
| 008 - DATOS DE LONGITUD FIJA--INFORMACIÓN GENERAL | |
| campo de control de longitud fija | 140331s1970 sp 000 0 spa d |
| 040 ## - FUENTE DE LA CATALOGACIÓN | |
| Centro catalogador/agencia de origen | DO-SdBNP |
| Lengua de catalogación | spa |
| Centro/agencia transcriptor | BNPHU |
| 100 1# - ENTRADA PRINCIPAL--NOMBRE DE PERSONA | |
| Nombre de persona | Byron, George Gordon |
| Fechas asociadas al nombre | 1788-1824 |
| 9 (RLIN) | 71454 |
| 245 10 - MENCIÓN DE TÍTULO | |
| Título | Las peregrinaciones de Childe-Harold : |
| Resto del título | El corsario / |
| Mención de responsabilidad, etc. | Lord Byron; prólogo J. Enrique García Melero. |
| 260 ## - PUBLICACIÓN, DISTRIBUCIÓN, ETC. | |
| Lugar de publicación, distribución, etc. | Madrid : |
| Nombre del editor, distribuidor, etc. | Libra, |
| Fecha de publicación, distribución, etc. | 1970. |
| 300 ## - DESCRIPCIÓN FÍSICA | |
| Extensión | 206 p. ; |
| Dimensiones | 17 cm. |
| 490 1# - MENCIÓN DE SERIE | |
| Mención de serie | Purpura |
| Designación de volumen o secuencia | 21 |
| 500 ## - NOTA GENERAL | |
| Nota general | Dos obras encuadernadas juntas con paginación continua. |
| 700 12 - PUNTO DE ACCESO ADICIONAL--NOMBRE DE PERSONA | |
| Nombre de persona | García Melero, J. Enrique |
| Término indicativo de función/relación | prol. |
| 9 (RLIN) | 48168 |
| 830 #0 - PUNTO DE ACCESO ADICIONAL DE SERIE-TÍTULO UNIFORME | |
| Título uniforme | Purpura |
| Número de parte o sección de la obra | 21 |
| 9 (RLIN) | 71455 |
| Estado de retiro | Estado de pérdida | Restricciones de uso | No para préstamo | Código de colección | Localización permanente | Ubicación/localización actual | Ubicación en estantería | Fecha de adquisición | Número de inventario | Total de préstamos | Signatura topográfica completa | Código de barras | Fecha visto por última vez | Precio válido a partir de | Tipo de ítem Koha |
|---|---|---|---|---|---|---|---|---|---|---|---|---|---|---|---|
| Excluido de préstamo | Monografías: Libros y Folletos | General | General | En catalogación | 31.03.2014 | LF1 | 43625-10 | 25.06.2020 | 25.06.2020 | No se presta |
